La barbarie americana: reflexiones lascasianas para la modernidad /
保存先:
| 第一著者: | |
|---|---|
| フォーマット: | テキスト |
| 主題: | |
| タグ: |
タグ追加
タグなし, このレコードへの初めてのタグを付けませんか!
|
MARC
| LEADER | 00000 a a2200000 04500 | ||
|---|---|---|---|
| 001 | 11854 | ||
| 003 | |||
| 040 | |||
| 100 | |a Mora Rodríguez, Luis Adrían | ||
| 245 | |a La barbarie americana: |b reflexiones lascasianas para la modernidad / |c Luis Adrían Mora Rodríguez | ||
| 650 | |a POLITICA | ||
| 650 | |a IGUALDAD DE OPORTUNIDADES | ||
| 650 | |a MODERNIZACION | ||
| 773 | |g número 133; páginas 29-35 | ||
| 999 | |c 31559 |d 31559 | ||
